Harmonized tariff schedule of the United States[2009] : Annotated for Statistical Reporting Purposes chapter 86 to.
| Format: | Book |
|---|---|
| Published: |
Washington D.C:
United States International Trade Commission,
2009.
|
| Subjects: |
| LEADER | 00525cam a2200133 7i4500 | ||
|---|---|---|---|
| 001 | 0000022321 | ||
| 005 | 20090206090000.0 | ||
| 090 | 0 | 0 | |a T 382.7 |b HAR[USA] |
| 245 | 0 | 0 | |a Harmonized tariff schedule of the United States[2009] : |b Annotated for Statistical Reporting Purposes chapter 86 to. |
| 260 | 0 | 0 | |a Washington D.C: |b United States International Trade Commission, |c 2009. |
| 300 | # | # | |a [v.p]. |
| 650 | 0 | 0 | |a Tariff -- |z United States of America |
| 651 | 0 | 0 | |a United States of America |
| 999 | |a 0000023767 |b Book |c Tariffs |e Business Information Centre | ||